000 00716cam a2200253 4500
001 M87195
008 090401t1997 xxu||||| |||| 00| 0 eng d
035 _a(Sirsi) u81595
041 _aeng
050 _a333.337
110 _aRoyal Institution of Chartered Surveyors
_94900
245 _aMaking the most of your business property.
260 _aLondon
_bRICS
_c1997
300 _a1 folded sheet ; 21x15cm.
350 _a0
520 _aPublicity leaflet.
650 _aBUSINESS PROPERTY
650 _aABOUT RICS-RICS MEMBERS
650 _aPROPERTY-COMMERCIAL PROPERTY
690 _aPROPERTY-COMMERCIAL PROPERTY
710 _aFederation of Small Businesses
_91084
942 _n0
948 _c22/10/1997
999 _c96732
_d96732